MDQL
is popping MORE tags! Check the
thread
!
Quizzes
Events
Quiz Creation
Community
Videos
Private Events
Remove Ads
Sign In
Join for FREE
Feedback
Dark Mode
Quiz Categories
Sports
Geography
Music
Movies
Television
Just For Fun
Miscellaneous
History
Literature
Language
Science
Gaming
Entertainment
Religion
Holiday
For Kids
Quiz Lab
Recent
Popular Today
Quiz Kudos Today
Editor Picks
Curator Picks
Quizzes by...
Day
Popularity
Type
Ratings
Length
Year
Community
Subscriptions
Recent Discussions
Orange Saloon
Badges
Playlists
Quests
Create
Leaderboards
Showdown
Live 5
Trivia Bingo
Activity
Puzzle Library
Sporcle Events
Private Events
Virtual Trivia
Globe League
Become a Host
Pub Owners
SporcleCon
Opinionation
Our Games
Videos
Blog
Mobile Apps
Partnerships
Remove Ads and Go Orange
Feedback
Science
Computer
Plants
Astronomy
Chemistry
Elements
Math
Animal
Physics
Anatomy
Biology
Geology
General Science
Science
Computer
Plants
Astronomy
Chemistry
Elements
Math
Animal
Physics
Anatomy
Biology
Geology
General Science
Random Quiz
Search Sporcle
×
Quiz Lab
Quiz Lab
Science
Equation
Type in answers that appear in a list
Type in answers that appear in a list
Classic
Best Score? Go Orange.
Solve the Algebra Equation Stats
Can you name the answer of the algebra equation (solve for x)?
By
enough
5m
20 Questions
3,933 Plays
3,933 Plays
3,933 Plays
Comments
Comments
Give Quiz Kudos
Give Quiz Kudos
-
- Ratings
hide this ad
More Info
Forced Order
Answers have to be entered in order
Answers have to be entered in order
Replay
Link that replays current quiz
Next Quiz
Link to next quiz in quiz playlist
You Got
0%
They Got
Avg Score
47%
Avg Friend Score
Upgrade to see
Score Distribution
Jump to the score distribution portion of the page
Score
0/20
Timer
05:00
0
Plays Today
Equation
x
% Correct
2x=2
1
98.8%
4x+2=50
12
95.4%
5x/
2=x+3
2
74.7%
10x=0
0
61.9%
-
2+x=7
9
60%
5x-
3=2x+7
10/3
55.7%
6x-
3=10x-
4
1/4
53.4%
2(x^2)+3=x+4
1, -1/2
52.1%
12x+20=2x
-2
51.6%
5x-
5=7x-
19
7
50.2%
Equation
x
% Correct
100/
x=25
4
47.4%
x^2=196
14
46.1%
2x=3x-
5
5
40%
-
x+4=2x-
3
7/3
36.3%
x-
2=2(x+2)-
3x
3
32.1%
2(x-
4)= 2[x-
3(x-
1)+2]
3
26.2%
|
2x-
1|
=|
4x+3|
-2, -1/3
25.8%
(x^2)-
5x-
14=0
7, -2
24.4%
-
4x-
5=3(4x+1)-
2(x-
2)
-6/7
12.9%
2(3x-
7)+4(3x+2)=6(5x+9)+3
-21/4
9.9%
Quiz Playlist
Details
Report
Send in Message
Add To Playlist
More Info:
You may want to have some scratch paper around....
Classic:
Type in answers that appear in a list
Forced Order:
Answers have to be entered in order
Last Updated: Feb 16, 2017
Quiz Scoreboard
CHALLENGE
Sign Up to Join the Scoreboard
Show All
Scores
Hide
Comments
May contain spoilers
Recently Published
5x2 Blitz: Bands
by SL_Kpop136
Music
30s
Colored Red Africa Blitz
by spor1
Geography
30s
Find the 'City' Movie
by crazypaving
Movies
60s
More to Explore
Quiz From the Vault
Featured Blog Post
14 Easter Pick-up Lines to Find Eggs With
hide this ad
You Might Also Like...
Tags
algebra
Equation
Solve
Today's Top Quizzes in Science
Browse Science
hide this ad
Today's Top Quizzes in Equation
Browse Equation
Top Contributed Quizzes in Science
1
Windmill: Elements
2
Glycolysis
3
Square Numbers Scrambled (1-50)
4
17 TIMES TABLE
5
Elements In Images
6
Astronomy Spelling Bee
7
The First 100 Digits of Pi
8
3-letter Elementary Words
9
'C' Flowers II
10
Multiplication 12-19
Explore More
Trending Topics
Crossword
Disney
Anime
Kpop
Marvel
NBA
Harry Potter
WWE
Puzzle
Soccer
Pokémon
NFL
Country
The Office
Song
hide this ad
More By:
enough
Quiz
Plays
Rating
Category
Featured
Created
Blitz: Name A...
467,805
4.61
Miscellaneous
Sep 24, 2010
The Office: What Character?
411,953
4.28
Television
Mar 1, 2010
Game System by Controller
359,972
4.34
Gaming
Apr 8, 2010
Animated Movie by Characters
355,642
4.57
Movies
Feb 11, 2010
Blitz: Name A... II
335,589
4.50
Miscellaneous
Oct 12, 2010
Go to Creator's Profile
Score Distribution
Quiz Creator Spotlight
enough
Follow
Send a Message
Quizzes Created
-
Created Quiz Play Count
-
More By This Creator
Popular Quizzes Today
1
Colored Red Africa Blitz
2
Find the 'City' Movie
3
Find the US States - No Outlines Minefield
4
5x2 Blitz: Bands
5
The Countries of the World
6
Find the US States
7
US States
8
Find the Countries of Europe - No Outlines Minefield
More Science Quizzes
Baby Animals Playing
Published
Trending Quizzes
Colored Red Europe Blitz I
Colored Red Africa Blitz II
Colored Red Europe Blitz II
Colored Red Europe Blitz III
Colored Red Africa Blitz III
Recently Updated
How Do You Spell That?
pecheneg
Godzilla Movies
pecheneg
Grab Bag: 4-10 Letters
pecheneg
2024 March Madness Bracket
pecheneg
Famous TV Couples
Peacemaker
Champions League XIs: Real Madrid
pecheneg
Largest US Cities 1790-2010
pecheneg
Rides in Walt Disney World
pecheneg
Most Oscar Losses (Acting)
pecheneg
Beyoncé Albums
pecheneg
Trending Topics
Harry Potter
Anime
Crossword
Kpop
Disney
Marvel
NBA
Country
The Office
Song
Pokémon
Soccer
WWE
Puzzle
NFL
Your Account Isn't Verified!
In order to create a playlist on Sporcle, you need to verify the email address you used during registration. Go to your
Sporcle Settings
to finish the process.
Report this User
Report this user for behavior that violates our
Community Guidelines
.
Details:
Send Report
Go to the Sporcle.com Mobile Site →
Comments